| 000 | 00441nam a2200193Ia 4500 | ||
|---|---|---|---|
| 008 | 170918s9999 xx 000 0 und d | ||
| 020 | _a9780439444439 | ||
| 050 | _bS757st 2000 | ||
| 100 | _aSpinelli, Jerry | ||
| 245 | _aStar girl / | ||
| 245 | _cby Jerry Spinelli. | ||
| 260 | _aNew York : | ||
| 260 | _bScholastic, | ||
| 260 | _c2000 | ||
| 300 | _a188 pages : | ||
| 300 | _billustrations ; | ||
| 300 | _c19cm. | ||
| 500 | _a590 | ||
| 999 |
_c343774 _d343774 |
||